Madhyamakasastram (Record no. 1402094)

MARC details
000 -LEADER
fixed length control field 00690nam a2200301Ia 4500
008 - FIXED-LENGTH DATA ELEMENTS--GENERAL INFORMATION
fixed length control field 161027s9999||||xx |||||||||||||| ||und||
040 ## - CATALOGING SOURCE
Transcribing agency SKT
082 ## - DEWEY DECIMAL CLASSIFICATION NUMBER
Classification number X.A
082 ## - DEWEY DECIMAL CLASSIFICATION NUMBER
Item number BORI-63687
100 ## - MAIN ENTRY--PERSONAL NAME
Personal name Acharya Narendradeva
245 ## - TITLE STATEMENT
Title Madhyamakasastram
250 ## - EDITION STATEMENT
Remainder of edition statement 1st
260 ## - PUBLICATION, DISTRIBUTION, ETC. (IMPRINT)
Place of publication, distribution, etc Varanasi
260 ## - PUBLICATION, DISTRIBUTION, ETC. (IMPRINT)
Name of publisher, distributor, etc Bauddha Bharati
260 ## - PUBLICATION, DISTRIBUTION, ETC. (IMPRINT)
Date of publication, distribution, etc 1983
300 ## - PHYSICAL DESCRIPTION
Extent 278pp
300 ## - PHYSICAL DESCRIPTION
Dimensions B
300 ## - PHYSICAL DESCRIPTION
Accompanying material Paperback
530 ## - ADDITIONAL PHYSICAL FORM AVAILABLE NOTE
Uniform Resource Identifier <a href="00014180.jpeg">00014180.jpeg</a>
563 ## - BINDING INFORMATION
Binding note Text
600 ## - SUBJECT ADDED ENTRY--PERSONAL NAME
Personal name Acharya Narendradeva
630 ## - SUBJECT ADDED ENTRY--UNIFORM TITLE
Uniform title Madhyamakasastram
650 ## - SUBJECT ADDED ENTRY--TOPICAL TERM
Topical term or geographic name as entry element Buddhism
650 ## - SUBJECT ADDED ENTRY--TOPICAL TERM
Topical term or geographic name as entry element Buddhism and Jainism
700 ## - ADDED ENTRY--PERSONAL NAME
Personal name Acharya Narendradeva
730 ## - ADDED ENTRY--UNIFORM TITLE
Uniform title Madhyamakasastram
942 ## - ADDED ENTRY ELEMENTS (KOHA)
Koha item type Book
Holdings
Withdrawn status Lost status Damaged status Not for loan Home library Current library Date acquired Cost, normal purchase price Total Checkouts Full call number Barcode Date last seen Cost, replacement price Price effective from Koha item type
        Bhandarkar Oriental Research Institute, Pune Bhandarkar Oriental Research Institute, Pune 04/20/1990 60.00   BORI-63687 BORI-63687 10/27/2016 60.00 10/27/2016 Book